LEADER 01144nam2-2200349li-450 001 990000196960203316 005 20180312154745.0 010 $a3-540-57981-8 035 $a0019696 035 $aUSA010019696 035 $a(ALEPH)000019696USA01 035 $a0019696 100 $a20001109d1994----km-y0itay0103----ba 101 0 $aeng 102 $aGW 200 1 $aNetworking and tools$vVol. 2 210 $dCopyr. 1994 215 $aXXII, 519 p 461 0$10010019695$12001$aHigh-performance computing and networking$einternational conference and exhibition, Munich, Germany, April 18-20, 1994$eproceeding$fWolfgang Gentzsch (ed.) 801 $aSistema bibliotecario di Ateneo dell' Universitą di Salerno$gRICA 912 $a990000196960203316 951 $a001 LNCS (797)$b0016332$c001$d00103118 959 $aBK 969 $aSCI 979 $c19950212 979 $c20001110$lUSA01$h1713 979 $aALANDI$b90$c20010131$lUSA01$h1015 979 $aALANDI$b90$c20010131$lUSA01$h1015 979 $c20020403$lUSA01$h1627 979 $aPATRY$b90$c20040406$lUSA01$h1614 996 $aNetworking and tools$91381955 997 $aUNISA LEADER 02873nam 2200625 450 001 9910828518603321 005 20230807213608.0 010 $a1-4438-7497-3 035 $a(CKB)3710000000355222 035 $a(EBL)2076632 035 $a(OCoLC)905863975 035 $a(SSID)ssj0001469632 035 $a(PQKBManifestationID)11790915 035 $a(PQKBTitleCode)TC0001469632 035 $a(PQKBWorkID)11528541 035 $a(PQKB)10802247 035 $a(Au-PeEL)EBL2076632 035 $a(CaPaEBR)ebr11019479 035 $a(CaONFJC)MIL720244 035 $a(MiAaPQ)EBC2076632 035 $a(MiAaPQ)EBC3051693 035 $a(Au-PeEL)EBL3051693 035 $a(OCoLC)927460590 035 $a(EXLCZ)993710000000355222 100 $a20150218h20152015 uy 0 101 0 $aeng 135 $aur|n|---||||| 181 $ctxt 182 $cc 183 $acr 200 00$aExploring (im)politeness in specialized and general corpora $econverging methodologies and analytic procedures /$fedited by s?ukriye Ruhi and Yes?im Aksan 205 $a1st ed. 210 1$aNewcastle upon Tyne, England :$cCambridge Scholars Publishing,$d2015. 210 4$d©2015 215 $a1 online resource (275 p.) 300 $aDescription based upon print version of record. 311 $a1-322-88962-7 311 $a1-4438-7119-2 320 $aIncludes bibliographical references and indexes. 327 $a""TABLE OF CONTENTS""; ""LIST OF FIGURES""; ""LIST OF TABLES""; ""CONTRIBUTORS""; ""CHAPTER ONE""; ""CHAPTER TWO""; ""CHAPTER THREE""; ""CHAPTER FOUR""; ""CHAPTER FIVE""; ""CHAPTER SIX""; ""CHAPTER SEVEN""; ""CHAPTER EIGHT""; ""SUBJECT INDEX""; ""AUTHOR INDEX"" 330 $aCorpus linguistic methods provide new avenues for (im)politeness scholarship to reflexively evaluate its understanding of communication and language use on the theoretical contributions of corpus linguistics to the linguistic sciences. In this sense, this volume is a unique contribution to (im)politeness scholarship. It showcases studies in the field which employ specialized and general corpora, with methodologies that range from the speech act to the discourse-analytic and conversation-analytic traditions. The book brings into closer contact scholarship that has hitherto remained in relativel 606 $aLanguage and languages$xStudy and teaching 606 $aEnglish language$xStudy and teaching$xData processing 615 0$aLanguage and languages$xStudy and teaching. 615 0$aEnglish language$xStudy and teaching$xData processing. 676 $a418.0071 702 $aRuhi$b S?u?kriye 702 $aAksan$b Yes?im 801 0$bMiAaPQ 801 1$bMiAaPQ 801 2$bMiAaPQ 906 $aBOOK 912 $a9910828518603321 996 $aExploring (im)politeness in specialized and general corpora$94091312 997 $aUNINA